Word Ladder: Misleading Sport Quiz Stats

 Plays Quiz Updated Oct 12, 2017

Challenge
Share
Tweet
Embed
Score 0/13 Timer 01:30
1 Play Today
Hint 4-Letter Word % Correct
Type of winter shoeBOOT
94.6%
Lisa and Maggie's brotherBART
92.6%
Where Cinderella lost her shoe•BALL•
90.2%
Black powdery form of carbonSOOT
88.5%
Lure for a fishermanBAIT
86.7%
A boxing matchBOUT
85.9%
One from London or Manchester, e.g.BRIT
80.9%
Chapstick, e.g.BALM
78.2%
Very dry, like a champagneBRUT
76.5%
'The Wonderful Wizard of Oz' author L. FrankBAUM
57.9%
College in the Hudson River ValleyBARD
36.9%
Term for data transmission speedBAUD
32%
Word that can describe a drink or a spot•SOFT•
28.6%

Today's Daily Dose

You're not logged in!

Compare scores with friends on all Sporcle quizzes.
Join for Free
OR
Log In

You Might Also Like...

Show Comments

Extras

Top Quizzes Today


Score Distribution

Your Account Isn't Verified!

In order to create a playlist on Sporcle, you need to verify the email address you used during registration. Go to your Sporcle Settings to finish the process.

Report this User

Report this user for behavior that violates our Community Guidelines.

Details: